[Event "Bhubaneswar op-A 14th"]
[Site "Bhubaneswar"]
[Date "2023.06.16"]
[Round "8"]
[White "Shankhadeep, Maity"]
[Black "Kiran, Panditrao"]
[Result "0-1"]
[WhiteElo "1572"]
[BlackElo "1686"]
[PlyCount "73"]
[EventDate "2023.06.11"]
[EventType "swiss"]
[EventRounds "10"]
[EventCountry "IND"]
[SourceTitle "CBM 214 Extra"]
[Source "ChessBase"]
[SourceDate "2023.07.31"]
[SourceVersion "1"]
[SourceVersionDate "2023.07.31"]
[SourceQuality "1"]

1. e4 c5 2. Nc3 e6 3. Bc4 a6 4. a4 Nf6 5. e5 d5 6. Be2 Nfd7 7. f4 f6 8. Nf3 Nc6 9. 0-0 Qc7 10. exf6 Nxf6 11. d3 Bd6 12. g3 0-0 13. Bd2 Bd7 14. Qe1 Rae8 15. Nh4 Nd4 16. Bd1 e5 17. f5 Bc6 18. Qf2 b6 19. Nb1 Bb7 20. c3 Nc6 21. Bg5 c4 22. Bxf6 Rxf6 23. Qg2 Bc5+ 24. Kh1 cxd3 25. Qxd5+ Kh8 26. Bf3 e4 27. Bg2 Na5 28. Qa2 Nc4 29. Rf4 e3 30. Ng6+ Rxg6 31. fxg6 e2 32. Nd2 e1Q+ 33. Rxe1 Rxe1+ 34. Nf1 d2 35. gxh7 Qc8 36. b4 d1Q 37. Qxc4 0-1